Countries Starting with M (with a semi-empty map) - Statistics

General Stats
  • This quiz has been taken 2,264 times
    1,400 since last reset
  • The average score is 191 of 196
Answers on the Map
Answers color-coded by a green-red scale on the quiz's map according to % correct below.
 
Answer Stats
country % Correct
x
100%
Mali
89%
Mexico
89%
Mongolia
88%
Mauritania
84%
Morocco
79%
Malawi
77%
Mozambique
77%
Madagascar
75%
Mauritius
75%
Moldova
72%
Myanmar
72%
Malaysia
71%
Maldives
64%
Malta
64%
Monaco
63%
Montenegro
63%
Marshall Islands
53%
Micronesia
51%
No matching quizzes found
Score Distribution
Percent of People with Each Score
Percentile by Number Answered
Your Score History
You have not taken this quiz since the last reset